Nghệ thuật nấu ăn ngon: 211 món ăn thường ngày

Salvato in:
Dettagli Bibliografici
Autore principale: Nguyễn Thanh Hương
Natura: Libro
Lingua:Undetermined
Pubblicazione: Tp. HCM Thanh Niên 2002
Soggetti:
Tags: Aggiungi Tag
Nessun Tag, puoi essere il primo ad aggiungerne! !
Thư viện lưu trữ: Trung tâm Học liệu Trường Đại học Cần Thơ
LEADER 00564nam a2200181Ia 4500
001 CTU_54847
008 210402s9999 xx 000 0 und d
020 |b 22500 
082 |a 641.5 
082 |b H561 
100 |a Nguyễn Thanh Hương 
245 0 |a Nghệ thuật nấu ăn ngon: 211 món ăn thường ngày 
245 0 |c Nguyễn Thanh Hương và Trần Thị Tuyết 
260 |a Tp. HCM 
260 |b Thanh Niên 
260 |c 2002 
650 |a cookery, vietnamese 
980 |a Trung tâm Học liệu Trường Đại học Cần Thơ